Manipulations de chimie (Record no. 156505)

MARC details
000 -LEADER
campo de control de longitud fija 00850nam a22001935i 4500
001 - NÚMERO DE CONTROL
campo de control 156505
003 - IDENTIFICADOR DE NÚMERO DE CONTROL
campo de control ES-MaACL
005 - FECHA Y HORA DE LA ÚLTIMA TRANSACCIÓN
campo de control 20251004063204.0
008 - DATOS DE LONGITUD FIJA--INFORMACIÓN GENERAL
campo de control de longitud fija 970226s1886 sp a |||| | spa d
040 ## - FUENTE DE CATALOGACIÓN
Centro catalogador/agencia de origen CLM
Lengua de catalogación spa
Centro/agencia transcriptor CCPB | SIC
100 1# - ENTRADA PRINCIPAL--NOMBRE DE PERSONA
Nombre de persona Jungfleisch, Émile,
Fechas asociadas al nombre 1839-1916
9 (RLIN) 128399
245 10 - MENCIÓN DEL TÍTULO
Título Manipulations de chimie
Resto del título : guide pour les travaux pratiques de chimie /
Mención de responsabilidad, etc. par Emile Jungfleisch.
260 ## - PUBLICACIÓN, DISTRIBUCIÓN, ETC.
Lugar de publicación, distribución, etc. París :
Nombre del editor, distribuidor, etc. Libraire J.B. Bailliére et fils,
Fecha de publicación, distribución, etc. 1886.
300 ## - DESCRIPCIÓN FÍSICA
Extensión 1240 p. :
Otras características físicas il. ;
Dimensiones 26 cm.
490 1# - MENCIÓN DE SERIE
Mención de serie Bibliothéque de L' élève en Médecine, physique et chimie médicales . Histoire naturelle médicale
830 0# - PUNTO DE ACCESO ADICIONAL DE SERIE-TÍTULO UNIFORME
Título uniforme Bibliothéque de L' élève en Médecine, physique et chimie médicales . Histoire naturelle médicale
9 (RLIN) 221679
852 ## - LOCALIZACIÓN
Ubicación ES-MaACL
Número de control de estantería B-4948
Nota libre -- Enc. pasta española
Holdings
Estatus retirado Estado de pérdida Estado de daño No para préstamo Colección Biblioteca de origen Biblioteca actual Ubicación en estantería Fecha de adquisición Total de préstamos Signatura topográfica completa Código de barras Visto por última vez Precio de reemplazo Tipo de ítem Koha
        Libros del s. XIX Biblioteca del Ateneo de Madrid Biblioteca del Ateneo de Madrid Sala Pardo Bazán 17/01/2008   B-4948 1163741 23/02/2023 23/02/2023 Libro impreso antiguo